000 00903nmm a2200265 a 4500
001 ocm000656129
003 TR-IsHL
005 20201028141947.0
008 131226s2011 tu tur
007 cr cn
020 _a9789758312573
035 _a656129
_b(N$T)
050 0 4 _aBP80.H27
_bH35 2011
090 0 4 _aBP80.H27
_bH35 2011
100 1 _aHallac-ı Mansur
245 1 0 _aEn-el Hak gizli öğretisi
_h[electronic resource] /
_cHallac-ı Mansur ; haz. Kevser Yeşiltaş
260 _aİstanbul :
_bSınırötesi Yayınları,
_c2011
300 _a352 p.
650 4 _aFelsefe, Psikoloji ve Din
650 4 _aPhilosophy, Psychology and Religion
650 0 _aHallac-ı Mansur, 854-922
650 7 _aBIOGRAPHY & AUTOBIOGRAPHY / Religious
_2bisacsh
700 1 _aYeşiltaş, Kevser
856 4 0 _uhttp://search.ebscohost.com/login.aspx?direct=true&scope=site&db=e011xww&AN=656129
999 _c8095
_d8095